000 01040nam a2200217 a 4500
001 BRCA_9110
005 20190320210526.0
008 051017m17541762sp-#######---#000-0#spa-#
041 _aspa
044 _asp
084 _aLM11
_b.F56
100 1 _aFlorez, Henrique
_922485
245 1 0 _aEspaña sagrada, theatro geographico-historico de la iglesia de España
_borigen, divisiones, y limites de todas sus provincias, antigüedad, translaciones, y estado antiguo y presente de sus Sillas, con varias Disertaciones criticas...: de la Santa iglesia de Astorga en su estado antiguo y presente
_csu autor el R. P. M. Fr. Henrique Florez, del Ordende S. Agustin.
260 _aMadrid
_ben la Imprenta de D. Gabriel Ramirez
_c1754 , 1762
300 _a2v. (t.3 y 16)
_c21.3 x 15.5 cm
500 _aEstado físico: presenta encuadernación en piel con cantos decorados y presencia del pez de plata
505 0 _aTomo III, 1754.- Tomo XVI, 1762.-
650 1 4 _aTeatro
_yObras anteriores a 1800
_zEspaña
_922486
902 _aCFM
942 _2lcc
_cB
999 _c8758
_d8758